000 00375cam a2200145ua 4500
003 OSt
008 250315b |||||||| |||| 00| 0 eng d
041 _aeng
082 _a621.9
_bCHA/WO
100 _aChapman, W.A.F .
_97299
245 _aWorkshop technology, Part 3 /
260 _aLondon :
_bThe English Language book society ,
_c1962.
300 _a563 ; .
942 _cBK
999 _c10219
_d10219